Visegrad Meets Visegrad: The Visegrad Four and the Western Balkans Six

Transformácia centrálnej a východnej Európy a rozširovanie EÚ v posledných desiatich rokoch. Podpora optimálnej spolupráce krajín Vyšehradskej štvorky (V4) so všetkými krajinami i jednotlivými susedmi, jej konečný záujem o demokratický rozvoj vo všetkých častiach Európy.

Gespeichert in:
Bibliographische Detailangaben
1. Verfasser: Čiderová, Denisa, 1977-
Weitere Verfasser: Kovačević, Dubravka
Format: Buchkapitel
Sprache:Englisch
Schlagworte:
Tags: Tag hinzufügen
Keine Tags, Fügen Sie das erste Tag hinzu!

MARC

LEADER 00000naa$a2200000$$$4500
001 0209010
005 20240502083522.6
041 0 |a eng 
044 |a PT 
245 1 0 |a Visegrad Meets Visegrad: The Visegrad Four and the Western Balkans Six  |c Denisa Čiderová, Dubravka Kovačević 
520 |a Transformácia centrálnej a východnej Európy a rozširovanie EÚ v posledných desiatich rokoch. Podpora optimálnej spolupráce krajín Vyšehradskej štvorky (V4) so všetkými krajinami i jednotlivými susedmi, jej konečný záujem o demokratický rozvoj vo všetkých častiach Európy. 
610 2 0 |a Európska únia 
610 2 0 |a Európa 
610 2 0 |a Vyšehradská štvorka 
610 2 0 |a Balkán 
610 2 0 |a politika európska susedská 
610 2 0 |a politika kohézna 
610 2 0 |a spolupráca medzinárodná 
100 1 |a Čiderová, Denisa, 1977- 
700 1 |a Kovačević, Dubravka